000 00584nam a2200169Ia 4500
008 090201s9999 xx 000 0 und d
010 _aKPL-22778
040 _bमराठी
041 _aमराठी
082 _a5822
_b22778
100 _aकेशव दत्ता
245 _aघरोघरी मातीच्या चुली
_cकेशव दत्ता
260 _c2004
_bमेहता पब्लिशिंग हाऊस
300 _a86
_bमोठा
600 _aघरोघरी मातीच्या चुली
942 _cBOOK
999 _c206683
_d206683